ر يا حين ا لا نشاء (Record no. 165681)

MARC details
000 -LEADER
fixed length control field 00695nam a22001937a 4500
005 - DATE AND TIME OF LATEST TRANSACTION
control field 20190626155420.0
010 ## - LCCN (DPL NO)
LC control number UR-10251
020 ## - INTERNATIONAL STANDARD BOOK NUMBER
Terms of availability 150.00
International Standard Book Number 9789386285423
035 ## - SYSTEM CONTROL NUMBER
System control number U-8806
037 ## - SOURCE OF ACQUISITION
Source of stock number/acquisition DBAD/PUB
082 ## - DEWEY DECIMAL CLASSIFICATION NUMBER
Classification number 840
100 ## - MAIN ENTRY--PERSONAL NAME
Personal name مفتی محمد عبا س شو ستر ی
245 ## - TITLE STATEMENT
Title ر يا حين ا لا نشاء
Statement of responsibility, etc مفتی محمد عبا س شو ستر ی
246 ## - VARYING FORM OF TITLE
Remainder of title Rayaaheen-ul-Insha (Urdu)
Title proper/short title by Mufti Mohd. Abbas
260 ## - PUBLICATION, DISTRIBUTION, ETC. (IMPRINT)
Place of publication, distribution, etc Delhi
Name of publisher, distributor, etc Educational Publishing House
Date of publication, distribution, etc 2016 ء
270 ## - ADDRESS
Address 3191،Vakil Street,Kucha Pandit,Lal Kuan,
City Delhi
Postal code 110006
Telephone number 23216162
Fax number 00911123211540
300 ## - PHYSICAL DESCRIPTION
Extent 104ص
Dimensions 22 Cm(Hb)
942 ## - ADDED ENTRY ELEMENTS (KOHA)
Source of classification or shelving scheme Dewey Decimal Classification
Item type Urdu Bks
Classification part 840
Call number suffix م ح م
Holdings
Withdrawn status Lost status Not for loan Collection code Home library Current library Date acquired Source of acquisition Cost, normal purchase price Full call number Barcode Copy number Cost, replacement price Koha item type
    Not For Loan Non-fiction D.B.Act.Division D.B.Act.Division 26/06/2019 DBAD/PUB 150.00 840 م ح م U-8806 1 150.00 Urdu Bks

© Delhi Public Library
Hit Counter
free hit counter